000 005290000a22001930004500
001 001581
003 MACL
005 20150802125553.0
008 150802b xxu||||| |||| 00| 0 eng d
040 _aMACL
_cMACL
041 _aEnglish
082 _a379.11/STE
100 _aStella, Antony
_94320
245 _aFoundations Of External Quality Assurance In Indian Higher Education
_cAntony Stella
260 _aNew Delhi
_c2003
_bCocept Publishing Company,
350 _a400
650 _aEducation
_94321
942 _k379
_cBK
_2ddc
999 _c13501
_d13501